000 00511cam a2200169 a 4500
001 000010253
005 20200929162217.0
008 811027s1954 ch 001 1 spa
040 _aDO-SdBNP
_bspa
_cBNPHU
082 _aCh862.42
_bS586ó
100 1 _aSilva Gutiérrez, Jaime.
_925266
245 1 3 _aEl otro avaro /
_cJaime Silva Gutiérrez.
260 _a[Santiago de Chile?] :
_bDel Joven Laurel,
_c1954.
300 _a120 p. ;
_c20 cm.
650 4 _aTeatro chileno
_924526
650 4 _aLiteratura chilena
_93164
999 _c10012
_d10012